LEADER 01471oam 2200385Ia 450 001 9910697095203321 005 20230902161649.0 035 $a(CKB)5470000002383946 035 $a(OCoLC)586037897 035 $a(EXLCZ)995470000002383946 100 $a20100329d1995 ua 0 101 0 $aeng 135 $auran||||||||| 181 $ctxt$2rdacontent 182 $cc$2rdamedia 183 $acr$2rdacarrier 200 00$aGuidance for industry$b[electronic resource] $eimmediate release solid oral dosage forms : scale-up and postapproval changes, chemistry, manufacturing and controls, in vitro dissolution testing, and in vivo bioequivalence documentation 210 1$a[Rockville, Md.] :$cCenter for Drug Evaluation and Research,$d[1995] 215 $a1 electronic resource (26, 1 page) 300 $a"CMC 5"--prelim. p. 300 $a"November 1995." 320 $aIncludes bibliographical references (pages 25-26). 517 $aGuidance for industry 606 $aSolid dosage forms$xTesting$xDocumentation$zUnited States 606 $aDrugs$xTherapeutic equivalency$xDocumentation$zUnited States 615 0$aSolid dosage forms$xTesting$xDocumentation 615 0$aDrugs$xTherapeutic equivalency$xDocumentation 712 02$aCenter for Drug Evaluation and Research (U.S.) 801 0$bGPO 801 1$bGPO 801 2$bGPO 906 $aBOOK 912 $a9910697095203321 996 $aGuidance for industry$93434577 997 $aUNINA LEADER 05514nam 2200757 a 450 001 9910960286103321 005 20251117094753.0 010 $a9786613555243 010 $a9781280354403 010 $a1280354402 010 $a9789812836441 010 $a9812836446 035 $a(CKB)2550000000078891 035 $a(EBL)840710 035 $a(OCoLC)858228410 035 $a(SSID)ssj0000660578 035 $a(PQKBManifestationID)12249349 035 $a(PQKBTitleCode)TC0000660578 035 $a(PQKBWorkID)10703654 035 $a(PQKB)10298377 035 $a(MiAaPQ)EBC840710 035 $a(WSP)00007084 035 $a(Au-PeEL)EBL840710 035 $a(CaPaEBR)ebr10524595 035 $a(CaONFJC)MIL355524 035 $a(Perlego)850534 035 $a(EXLCZ)992550000000078891 100 $a20120126d2012 uy 0 101 0 $aeng 135 $aur|n|---||||| 181 $ctxt 182 $cc 183 $acr 200 10$aCosmic secrets $ebasic features of reality /$fWolfram Schommers 205 $a1st ed. 210 $aSingapore ;$aHackensack, N.J. $cWorld Scientific$dc2012 215 $a1 online resource (400 p.) 300 $aDescription based upon print version of record. 311 08$a9789812836434 311 08$a9812836438 320 $aIncludes bibliographical references (p. 369-371) and index. 327 $aForeword; Contents; 1. The Absolute Truth; 1.1 Final Truth; 1.2 Two Important Questions; 1.3 Why Does the Cosmos Exist?; 1.4 Are the Laws of Nature Independent of the Observer's Own Nature?; 1.5 Self-Indulgence was Dominant; 1.6 Newton's Mechanics and Its Overestimation; 1.6.1 Instead of Gods, Capricious Fairies etc. We Have the Equations of Motion; 1.6.2 Lamettrie and the Monistic Picture of Man; 1.6.3 Conclusion; 1.7 Scientific Realism; 1.8 An Important Principle: As Little Outside World as Possible; 1.9 Inside World and Outside World; 1.9.1 One-to-One Correspondence? 327 $a1.9.2 Cinema and Cinema Ticket1.9.3 Summary; 1.10 Principal Questions; 1.10.1 Are Picture-Independent Physical Considerations Possible?; 1.10.2 Why Do We and the Cosmos Exist?; 1.11 How Does Science Progress?; 1.11.1 Science Progresses by Eliminating the Number of Unanswered Questions; 1.11.2 Principle of Propagation of Questions; 1.11.3 Substitution Instead of Successive Refinement; 1.11.4 Summary; 1.12 Final Remarks; 2. The Projection Principle; 2.1 The Elements of Space and Time; 2.2 Relationship between Matter and Space-Time; 2.3 Two Relevant Features; 2.3.1 Feature 1; 2.3.2 Feature 2 327 $a2.4 Two Kinds of "Objects"2.5 Perception Processes; 2.5.1 The Experiment with Inverting Goggles; 2.5.2 Space and Time Come into Existence by Specific Brain Functions; 2.6 Inside World and Outside World; 2.7 The Influence of Evolution; 2.8 Information in the Picture Versus Information in Basic Reality (Outside Reality); 2.9 Other Biological Systems; 2.10 How Many (Geometrical) Objects can be in Space-Time?; 2.11 Two Types of Space-Time?; 2.12 Summary; 3. Fictitious Realities; 3.1 Conventional Quantum Theory: Critical Remarks; 3.1.1 A Diversity of Opinion 327 $a3.1.2 Some Specific Problems within Conventional Quantum Theory3.2 The Projection Principle in Connection with Fictitious Realities; 3.2.1 Alternative Realities; 3.2.2 Relationships; 3.2.3 Sequences; 3.3 Distribution of Information; 3.4 Basic Transformation Effects; 3.4.1 Particles; 3.4.2 Role of Time t; 3.4.3 Non-Local Effects; 3.4.4 Conclusion; 3.5 Pictures within Projection Theory; 3.6 Auxiliary Constructions; 3.6.1 Energy within Conventional Physics; 3.6.2 The Physical Laws of Basic Reality; 3.6.3 Remark; 3.7 Basic Laws; 3.7.1 Stationary Case; 3.7.2 Non-Stationary Case; 3.7.3 Discussion 327 $a3.8 Extension of Conventional Quantum Theory3.9 Only Processes are Relevant!; 3.9.1 Free Systems; 3.9.2 Principle of Usefulness; 3.9.3 Real Situation; 3.9.4 Summary; 3.10 Interactions; 3.10.1 What Does Interaction Mean within Projection Theory?; 3.10.2 Delocalized Systems in (p, E)-Space; 3.10.3 Abstract Interaction Laws; 3.11 Distance-Independent Interactions; 3.11.1 General Remarks; 3.11.2 Principal Analysis; 3.11.3 Basic Equations in the Case of Distance-Independent Interactions; 3.11.4 No Exchange of "Space-Time Pieces"; 3.12 Arbitrary Jumps within (r, t )-Space 327 $a3.12.1 The (p, E)-Distributions 330 $aWe see objects in front of us, and experience a real material effect when we approach and touch them. Thus, we conclude that all objects are embedded in space and exist objectively. However, such experiences in everyday life cannot be transferred to the atomic level: within standard quantum theory, the material world is still embedded in space, but it no longer has an objective existence. How can objects be embedded in space without existing objectively? This book addresses this and similar issues in an illustrative and non-conventional way. Using up-to-date information, the following basic qu 606 $aCosmology 606 $aSpace and time 606 $aQuantum cosmology 606 $aQuantum theory 615 0$aCosmology. 615 0$aSpace and time. 615 0$aQuantum cosmology. 615 0$aQuantum theory. 676 $a501 676 $a523.1 700 $aSchommers$b Wolfram$f1941-$0786858 801 0$bMiAaPQ 801 1$bMiAaPQ 801 2$bMiAaPQ 906 $aBOOK 912 $a9910960286103321 996 $aCosmic secrets$94555122 997 $aUNINA